Управление контролем в системе менеджмента качества: учебник

Detalles Bibliográficos
Autor Principal: Воронцова А. Н. Алла Николаевна
Outros autores: Полянчиков Ю. Н. Юрий Николаевич, Схиртладзе А. Г. Александр Георгиевич
Summary:В соответствии с требованиями стандарта ГОСТ Р ИСО 9001, система менеджмента качества кроме контроля качества продукции предусматривает разработку методов для измерения результативности и эффективности каждого процесса. В учебнике рассматриваются вопросы комплексного подхода к планированию и разработке процесса контроля в системе менеджмента качества. Учебник рассчитан на студентов и практиков, связанных с производством машиностроительной продукции.
Idioma:ruso
Publicado: Старый Оскол, ТНТ, 2011
Edición:2-е изд., перераб. и доп.
Subjects:
Formato: Libro
KOHA link:https://koha.lib.tpu.ru/cgi-bin/koha/opac-detail.pl?biblionumber=191123

MARC

LEADER 00000nam0a2200000 4500
001 191123
005 20231101224329.0
010 |a 9785941781744 
035 |a (RuTPU)RU\TPU\book\208370 
035 |a RU\TPU\book\159535 
090 |a 191123 
100 |a 20081111d2011 m y0rusy50 ca 
101 0 |a rus 
102 |a RU 
105 |a a j 001zy 
200 1 |a Управление контролем в системе менеджмента качества  |e учебник  |f А. Н. Воронцова, Ю. Н. Полянчиков, А. Г. Схиртладзе 
205 |a 2-е изд., перераб. и доп. 
210 |a Старый Оскол  |c ТНТ  |d 2011 
215 |a 300 с.  |c ил. 
320 |a Библиогр.: с. 294-295. 
330 |a В соответствии с требованиями стандарта ГОСТ Р ИСО 9001, система менеджмента качества кроме контроля качества продукции предусматривает разработку методов для измерения результативности и эффективности каждого процесса. В учебнике рассматриваются вопросы комплексного подхода к планированию и разработке процесса контроля в системе менеджмента качества. Учебник рассчитан на студентов и практиков, связанных с производством машиностроительной продукции. 
606 1 |a Контроль качества продукции  |2 stltpush  |3 (RuTPU)RU\TPU\subj\15516  |9 41751 
610 1 |a организация производства 
610 1 |a качество 
610 1 |a система менеджмента качества 
610 1 |a СМК 
610 1 |a контроль 
610 1 |a управление 
610 1 |a продукция 
610 1 |a измерения 
610 1 |a погрешности 
610 1 |a испытания 
610 1 |a надежность 
610 1 |a ИСО 9001 
610 1 |a учебники 
675 |a 658.562(075.8)  |v 3 
700 1 |a Воронцова  |b А. Н.  |g Алла Николаевна 
701 1 |a Полянчиков  |b Ю. Н.  |g Юрий Николаевич 
701 1 |a Схиртладзе  |b А. Г.  |g Александр Георгиевич 
801 1 |a RU  |b 63413507  |c 20110202 
801 2 |a RU  |b 63413507  |c 20141114  |g RCR 
900 |a Управление качеством 
942 |c BK 
951 |b 151900 
959 |a 18/20110131  |d 1  |e 280,00  |f ЧЗТЛ:1